| 000 | 00492nam a2200205Ia 4500 | ||
|---|---|---|---|
| 008 | 160803s9999 xx 000 0 und d | ||
| 020 | _a0 590438433 | ||
| 100 | _aBridwell, Norman | ||
| 245 | _aClifford we love you / | ||
| 245 | _cNorman Bridwell. | ||
| 260 | _aNew York : | ||
| 260 | _bScholastic Inc. | ||
| 260 | _c1991 | ||
| 300 | _a1 volume (unpaged) : | ||
| 300 | _bcolor illustrations ; | ||
| 300 | _c21 cm | ||
| 650 | _aDogs -- | ||
| 650 | _xFiction. | ||
| 700 | _a120 | ||
| 999 |
_c299365 _d299365 |
||